<?xml version="1.0" encoding="UTF-8"?>
<record
    xmlns:xsi="http://www.w3.org/2001/XMLSchema-instance"
    xsi:schemaLocation="http://www.loc.gov/MARC21/slim http://www.loc.gov/standards/marcxml/schema/MARC21slim.xsd"
    xmlns="http://www.loc.gov/MARC21/slim">

  <leader>00633nam  2200169   4500</leader>
  <controlfield tag="001">5976</controlfield>
  <datafield tag="090" ind1=" " ind2=" ">
    <subfield code="a">5976</subfield>
  </datafield>
  <datafield tag="100" ind1=" " ind2=" ">
    <subfield code="a">20190729k        u||y0frey50      ba</subfield>
  </datafield>
  <datafield tag="101" ind1=" " ind2=" ">
    <subfield code="a">spa</subfield>
  </datafield>
  <datafield tag="200" ind1=" " ind2=" ">
    <subfield code="a">Ni&#xF1;os desaparecidos en la Argentina desde 1976</subfield>
    <subfield code="b">Brochure</subfield>
    <subfield code="e">identitad, Familia, Libertad</subfield>
    <subfield code="f">Abuelas de Plaza de Mayo</subfield>
  </datafield>
  <datafield tag="210" ind1=" " ind2=" ">
    <subfield code="a">Montevideo</subfield>
    <subfield code="c">Abuelas de Plaza de Mayo</subfield>
    <subfield code="d">1987 Agosto</subfield>
  </datafield>
  <datafield tag="215" ind1=" " ind2=" ">
    <subfield code="a">129 p.</subfield>
    <subfield code="c">portr.</subfield>
    <subfield code="d">20 cm</subfield>
  </datafield>
  <datafield tag="606" ind1=" " ind2=" ">
    <subfield code="9">6821</subfield>
    <subfield code="a">Argentine 1976-1983 : Dictature militaire Processus de r&#xE9;organisation nationale</subfield>
  </datafield>
  <datafield tag="606" ind1=" " ind2=" ">
    <subfield code="9">1411</subfield>
    <subfield code="a">Droits de l'homme</subfield>
  </datafield>
  <datafield tag="607" ind1=" " ind2=" ">
    <subfield code="9">1862</subfield>
    <subfield code="a">Argentine</subfield>
  </datafield>
  <datafield tag="710" ind1=" " ind2=" ">
    <subfield code="9">6820</subfield>
    <subfield code="a">Grands-m&#xE8;res de la place de Mai</subfield>
  </datafield>
  <datafield tag="801" ind1=" " ind2=" ">
    <subfield code="a">CH</subfield>
    <subfield code="b">CH-002049-8</subfield>
  </datafield>
  <datafield tag="995" ind1=" " ind2=" ">
    <subfield code="1">0</subfield>
    <subfield code="2">0</subfield>
    <subfield code="3">0</subfield>
    <subfield code="5">2026-04-28</subfield>
    <subfield code="9">6941</subfield>
    <subfield code="b">ARCHIC</subfield>
    <subfield code="c">ARCHIC</subfield>
    <subfield code="e">Brochures</subfield>
    <subfield code="f">7812</subfield>
    <subfield code="h">Comit&#xE9; M&#xE9;moire et Justice</subfield>
    <subfield code="k">Broch 2692</subfield>
    <subfield code="o">1</subfield>
  </datafield>
</record>
